Statistiques concernant Infos Films : Le Voyage de Chihiro

Cliquez ici pour prendre le quiz!

Statistiques générales

  • Ce quiz a été pris 59 fois
  • Le résultat moyen est 10 sur 16

Statistiques - réponses

Infos sur le filmRéponse% Correct
Pays d'origineJapon
100%
Personnage principalChihiro
96%
Année de sortie2001
85%
RéalisateurHayao Miyazaki
82%
En quel animal sont transformés les parents ?En cochon
78%
CompagnieGhibli
78%
Comment est renommé le personnage principal après son contrat ?Sen
76%
Personnage(s) secondaire(s)Sans visage / Haku / Lin / Zeniba
75%
Durée124 minutes
67%
MéchanteYubaba
55%
Titre anglais / japonaisSpirited Away / Sen to Chihiro no Kamikakushi
53%
GenreFantastique / Aventure
45%
CompositeurJoe Hisaishi
38%
Lieu du filmPalais des esprits
25%
En quel transport les personnages se rendent-ils chez la soeur de la sorcière ?En train
20%
Quelles sont les créatures qui transportent le charbon ?Les Noiraudes
15%

Distribution des résultats

Percentile par nombre de réponses

% des personnes avec chaque résultat

Votre développement - résultats

Vous n’avez pas pris ce quiz